Polskie kluby z powyżej 1000 pkt w tabeli wszechczasów ekstraklasy - Statystyki

Ogólne statystyki
  • Ten quiz został rozwiązany 90 razy
  • Średni wynik to 11 z 13
Statystyki odpowiedzi
Miejsce Punkty Odpowiedź % Poprawnych
4 2383 Lech Poznań
98%
1 3446 Legia Warszawa
98%
2 2865 Wisła Kraków
93%
7 1676 Pogoń Szczecin
89%
3 2481 Górnik Zabrze
87%
5 2357 Ruch Chorzów
87%
8 1575 Śląsk Wrocław
85%
6 1864 ŁKS Łódź
79%
9 1459 Widzew Łódź
78%
13 1016 Polonia Warszawa
74%
10 1406 Zagłębie Lubin
72%
12 1051 GKS Katowice
66%
11 1373 Cracovia Kraków
57%
Nie znaleziono quizów pasujących do podanych kryteriów
Rozkład punktacji
Procent ludzi z każdym wynikiem
Percentyl według liczby udzielonych odpowiedzi
Twoja historia wyników
Nie rozwiązałeś tego quizu